Bioavailability, bioaccessibility and mobility of environmental contaminants

Αποθηκεύτηκε σε:
Λεπτομέρειες βιβλιογραφικής εγγραφής
Κύριος συγγραφέας: Dean, John R.
Μορφή: Βιβλίο
Γλώσσα:English
Δημοσίευση: West Sussex, England : John Wiley, c2007
Σειρά:Analytical techniques in the sciences
Θέματα:
Ετικέτες: Προσθήκη ετικέτας
Δεν υπάρχουν, Καταχωρήστε ετικέτα πρώτοι!

MARC

LEADER 00000nam a2200000 i 4500
001 1/91457
008 080724s2007 eng d
020 |a 978-0-470-02577-2 (hbk.) 
035 |l 10099179 
040 |a GR-MY-UA  |b gre  |e aacr 
041 0 |a eng 
082 0 |a 628.5  |2 (22) 
100 1 |a Dean, John R. 
245 1 0 |a Bioavailability, bioaccessibility and mobility of environmental contaminants /  |c John R. Dean 
260 |a West Sussex, England :   |b John Wiley,   |c c2007 
300 |a xxi, 292 σ.;  |b εικ.;  |c 23 εκ. 
490 1 |a Analytical techniques in the sciences 
504 |a Περιέχει βιβλιογραφικές παραπομπές και ευρετήριο 
650 0 0 |a Pollutants. 
650 0 0 |a Bioavailability. 
830 0 |a Analytical techniques in the sciences 
852 |a INST  |b LESVOS  |e 20080724  |h 628.5 DEA  |p 005100041855  |q 005100041855  |t BK  |y 0 
901 |a BIBL1-2008-2 
909 |a Λ  |b 151492 
922 |a 1ΕΛΗ  |b 200803  |c ΕΠΕΑΕΚ2/ΤΠ  |d ΠΑΠΑΣΩΤΗΡΙΟΥ 
970 |a ΚΑΡΑ  |b ΓΙΑΣΕΜΗ  |z 2008/07/24